000 00676nam a2200217 a 4500
001 69100
003 BD-RjUL
005 20211209081841.0
008 720209s1950 mauac 001 0 eng
035 _a(BD-RjUL)69311
040 _aDLC
_cODaWU
_dOCoLC
_dDLC
_dBD-RjUL
_beng
041 _aeng
082 _223
_a677.71065
_bMOR 1950
100 1 _aMorison, Samuel Eliot,
_d1887-1976.
_9204709
245 1 4 _aThe ropemakers of Plymouth :
_ba history of the Plymouth Cordage Company, 1824-1949 /
260 _aBoston :
_bHoughton Mifflin,
_c1950.
300 _a177 p. :
_bill. ;
_c22 cm.
500 _aIncludes index
610 2 0 _aPlymouth Cordage Company.
_9204711
942 _2ddc
_cBK
999 _c69100
_d69100